The influence of stakeholder feedback on image management of organizations: a case study of the Nakuru County Government (Record no. 60169)

MARC details
000 -LEADER
fixed length control field 00895nam a22002297a 4500
005 - DATE AND TIME OF LATEST TRANSACTION
control field 20260210130101.0
008 - FIXED-LENGTH DATA ELEMENTS--GENERAL INFORMATION
fixed length control field 260210b |||||||| |||| 00| 0 eng d
050 ## - LIBRARY OF CONGRESS CALL NUMBER
Classification number THE HD59.6
Item number .G58 2025
100 ## - MAIN ENTRY--PERSONAL NAME
Personal name Gitonga, Elizabeth Wangui
245 ## - TITLE STATEMENT
Title The influence of stakeholder feedback on image management of organizations: a case study of the Nakuru County Government
260 ## - PUBLICATION, DISTRIBUTION, ETC. (IMPRINT)
Place of publication, distribution, etc Limuru, Kenya:
Name of publisher, distributor, etc St. Paul's University,
Date of publication, distribution, etc 2025
300 ## - PHYSICAL DESCRIPTION
Extent xii, 95 p.;
Dimensions 30cm.
521 ## - TARGET AUDIENCE NOTE
Target audience note Includes bibliographical references
650 ## - SUBJECT ADDED ENTRY--TOPICAL TERM
Topical term or geographic name as entry element Public administration
General subdivision Public relations
Geographic subdivision Kenya.
650 ## - SUBJECT ADDED ENTRY--TOPICAL TERM
Topical term or geographic name as entry element Public opinion
Geographic subdivision Kenya.
650 ## - SUBJECT ADDED ENTRY--TOPICAL TERM
Topical term or geographic name as entry element Political communication
Geographic subdivision Kenya.
650 ## - SUBJECT ADDED ENTRY--TOPICAL TERM
Topical term or geographic name as entry element Local government
General subdivision Citizen participation
Geographic subdivision Kenya.
700 ## - ADDED ENTRY--PERSONAL NAME
Personal name Khisa, Christopher S.
Relator term Dr.
700 ## - ADDED ENTRY--PERSONAL NAME
Personal name Mwanthi, Shadrach
856 ## - ELECTRONIC LOCATION AND ACCESS
Uniform Resource Identifier https://repository.spu.ac.ke/xmlui/handle/123456789/6675
942 ## - ADDED ENTRY ELEMENTS (KOHA)
Source of classification or shelving scheme Library of Congress Classification
Item type Thesis
Holdings
Withdrawn status Lost status Source of classification or shelving scheme Damaged status Not for loan Collection code Home library Current library Shelving location Date acquired Source of acquisition Total Checkouts Full call number Barcode Date last seen Uniform Resource Identifier Price effective from Koha item type
    Library of Congress Classification   Not For Loan Non-fiction Bishop Okullu Memorial Library (Limuru Campus) Bishop Okullu Memorial Library (Limuru Campus) Special Collection 10/02/2026 Donation   THE HD59.6 .G58 2025 072527 10/02/2026 https://repository.spu.ac.ke/xmlui/handle/123456789/6675 10/02/2026 Thesis